000 00659nam a22002177a 4500
003 OSt
005 20251112150604.0
008 251112b |||||||| |||| 00| 0 eng d
020 _a 978-981-0697-75-4.
040 _aDWCL-Admin lib
_cOC
082 _aCirc. 910.68 W181t 2011
100 _aWalker, John R.
245 _a Tourism concepts and practices /
_cJohn R. Walker
260 _aSingapore :
_bPearson Education South Asia Pte Ltd. ,
_cc 2011
300 _a xxxviii, 537 p. : ill. ;
_c26 cm.
504 _aIncludes index.
650 _a1. Tourism
650 _a2. Tourist trade.
700 _aWalker, Josielyn T.
942 _2ddc
_cBK-CIRC
_kCirc.
_n0
999 _c5664
_d5664